| 000 | 01230cab a2200193 4500 | ||
|---|---|---|---|
| 001 | ##L133969 | ||
| 008 | 060626n2006 000 0 eng u | ||
| 035 | _a(Sirsi) u133969 | ||
| 041 | 0 | _aeng | |
| 100 | 1 | _aRoper, Kathy O. | |
| 245 | 0 | 0 |
_aJustifying sustainable buildings _bchampioning green operations |
| 260 | _c2006 | ||
| 490 | 0 |
_aJournal of Corporate Real Estate _v8(2) 2006, 91-103(13) |
|
| 520 | _aReviews current literature on sustainability and the background of the sustainability movement in the US. Provides information for managers to develop their own sustainability objectives to improve the value of corporate real estate assets. Finds that organisations who adopt environmental responsibility and then take action are capable of building more secure and prosperous positions within the global economy. Significant factors endorsing the business case are resource and energy efficiency, pollution prevention, harmonisation with the environment, and integrated and systemic approaches, including environmental management systems. [Taken from journal abstract]. | ||
| 590 | _aIKA040706 | ||
| 690 | _aPROPERTY-PROPERTY DEVELOPMENT-SUSTAINABLE PROPERTY DEVELOPMENT | ||
| 700 | 1 | _aBeard, Jeffrey L. | |
| 942 | _n0 | ||
| 999 |
_c77295 _d77295 |
||